| 000 | 00881nam a2200205 i 4500 | ||
|---|---|---|---|
| 001 | 99345 | ||
| 003 | ES-MaACL | ||
| 005 | 20251218174251.0 | ||
| 007 | t| | ||
| 008 | 050907s1965 sp ||||1| spa d | ||
| 100 | 1 |
_aMartín Blanco, Marcos. _977420 |
|
| 245 | 1 | 0 |
_aEstructura económica de las explotaciones agrícolas de los programas de transformación de secano en regadío / _cMarcos Martín Blanco, José I. Ramos Torres. |
| 260 |
_aMadrid : _bCentro de Estudios Hidrográficos, _c1965. |
||
| 300 |
_a4 v. ; _c25 cm. |
||
| 505 | 8 | _aContiene: V.1.-Cuencas del Duero-Tajo-Guadiana. V.2.-Cuencas del Guadalquivir-Sur. V.3.-Cuencas del Segura-Jucar. V.4.-Cuencas del Ebro-Pirineo Oriental | |
| 700 | 0 |
_aRamos Torres, José Ignacio _995363 |
|
| 710 | 2 |
_aCentro de Estudios Hidrográficos (España) _92635 |
|
| 852 |
_aES-MaACL _jC-27763-6 _bR.56700 |
||
| 999 |
_c99345 _d99345 |
||